00476 a2200109 4500082001200000100002600012245011300038260003200151300003300183500009300216856005700309 aMS-IT-9 aSauleha Javed Durrani aEnhancing Dspace with multi-faceted search: the case of Dspace at SEECS-NUST-PakistancSauleha Javed Durrani aIslamabadbNUST-SEECSc2011 a83p.b;ill.c;27cm.+eCD ROM aSupervisors: Dr. Shafirullah Khan, Dr. Khalid Latif, Mr. Aatif Kamal, Mr. Muhammad Bilal uhttp://10.250.8.41:8080/xmlui/handle/123456789/32210